[Event "Uljanovsk op"]
[Site "Uljanovsk"]
[Date "2008.02.06"]
[Round "9"]
[White "Arzamasov, Ivan"]
[Black "Lavrov, Vasily"]
[Result "1-0"]
[WhiteElo "2091"]
[BlackElo "2025"]
[PlyCount "27"]
[EventDate "2008.02.01"]
[EventType "swiss"]
[EventRounds "9"]
[EventCountry "RUS"]
[SourceTitle "EXT 2009"]
[Source "ChessBase"]
[SourceDate "2008.11.26"]
[SourceVersion "1"]
[SourceVersionDate "2008.11.26"]
[SourceQuality "1"]

1. e4 e6 2. d4 d6 3. f4 b6 4. Nf3 Bb7 5. Bd3 c5 6. c3 Nd7 7. Qe2 Be7 8. 0-0 Ngf6 9. Nbd2 Qc7 10. a3 e5 11. fxe5 dxe5 12. Nc4 cxd4 13. cxd4 exd4 14. e5 1-0

[Event "Uljanovsk op"]
[Site "Uljanovsk"]
[Date "2008.02.02"]
[Round "3"]
[White "Arzamasov, Ivan"]
[Black "Babaev, Pavel"]
[Result "1-0"]
[WhiteElo "2091"]
[BlackElo "1925"]
[PlyCount "67"]
[EventDate "2008.02.01"]
[EventType "swiss"]
[EventRounds "9"]
[EventCountry "RUS"]
[SourceTitle "EXT 2009"]
[Source "ChessBase"]
[SourceDate "2008.11.26"]
[SourceVersion "1"]
[SourceVersionDate "2008.11.26"]
[SourceQuality "1"]

1. e4 c5 2. Nf3 Nc6 3. Bb5 g6 4. Bxc6 dxc6 5. h3 Bg7 6. d3 e5 7. Be3 b6 8. Nc3 Ne7 9. Qd2 Qd6 10. Bh6 0-0 11. 0-0-0 b5 12. h4 f6 13. Ne2 Be6 14. Kb1 Bf7 15. Nh2 Qe6 16. b3 a5 17. Bxg7 Kxg7 18. f4 a4 19. g4 axb3 20. axb3 Ra3 21. f5 Qc8 22. Qc3 Qc7 23. g5 Rfa8 24. gxf6+ Kg8 25. fxe7 b4 26. Qb2 Qa7 27. Kc1 Ra2 28. Qxe5 Qa3+ 29. Kd2 Qxb3 30. Rc1 c4 31. Ng4 Rxc2+ 32. Rxc2 Qxd3+ 33. Ke1 Qxc2 34. Nh6# 1-0

[Event "RUS-ch U16"]
[Site "Dagomys"]
[Date "2004.04.??"]
[Round "?"]
[White "Arzamasov, Ivan"]
[Black "Moskalenko, Alexander"]
[Result "1/2-1/2"]
[WhiteElo "2104"]
[BlackElo "2300"]
[PlyCount "65"]
[EventDate "2004.04.??"]
[EventType "swiss"]
[EventRounds "10"]
[EventCountry "RUS"]
[SourceTitle "EXT 2005"]
[Source "ChessBase"]
[SourceDate "2004.11.15"]
[SourceVersion "1"]
[SourceVersionDate "2004.11.15"]
[SourceQuality "1"]

1. e4 c5 2. Nf3 d6 3. Bb5+ Bd7 4. Bxd7+ Qxd7 5. c4 Nc6 6. Nc3 Ne5 7. d3 g6 8. Be3 Nxf3+ 9. Qxf3 Bg7 10. 0-0 Nf6 11. h3 0-0 12. d4 cxd4 13. Bxd4 Rac8 14. Qe2 b6 15. Rfd1 Qc6 16. b3 e5 17. Be3 Nxe4 18. Nxe4 Qxe4 19. Rxd6 f5 20. f3 Qb7 21. Rad1 Rc7 22. Qd3 Rcf7 23. Qd5 Qxd5 24. R6xd5 Re8 25. a4 e4 26. f4 g5 27. Kf2 Bc3 28. Rd7 gxf4 29. Bxf4 Bb4 30. Rxf7 Kxf7 31. Rd5 Kg6 32. g4 Bc5+ 33. Be3 1/2-1/2

[Event "RUS-ch U16"]
[Site "Dagomys"]
[Date "2004.04.??"]
[Round "?"]
[White "Margolin, Evgenij"]
[Black "Arzamasov, Ivan"]
[Result "0-1"]
[WhiteElo "2232"]
[BlackElo "2104"]
[PlyCount "60"]
[EventDate "2004.04.??"]
[EventType "swiss"]
[EventRounds "10"]
[EventCountry "RUS"]
[SourceTitle "EXT 2005"]
[Source "ChessBase"]
[SourceDate "2004.11.15"]
[SourceVersion "1"]
[SourceVersionDate "2004.11.15"]
[SourceQuality "1"]

1. d4 d5 2. Nf3 Nf6 3. c4 c6 4. Nc3 dxc4 5. a4 Bf5 6. Nh4 e6 7. Nxf5 exf5 8. e3 Bd6 9. Bxc4 0-0 10. Qf3 g6 11. h3 h5 12. g4 fxg4 13. hxg4 Nxg4 14. Qg2 Kg7 15. f3 Nf6 16. e4 Nbd7 17. Be3 Qc7 18. Ne2 Rae8 19. 0-0-0 b5 20. Ba2 bxa4 21. Rdg1 Rg8 22. Qg5 Kf8 23. Qh6+ Ke7 24. e5 a3 25. exf6+ Kd8 26. Bxf7 Qb6 27. b3 a2 28. Kb2 Qa5 29. Ka1 Rh8 30. Bxe8 Rxh6 0-1